| 000 | 00545nam a2200169 i 4500 | ||
|---|---|---|---|
| 001 | 84040 | ||
| 003 | ES-MaACL | ||
| 005 | 20230906174933.0 | ||
| 007 | t| | ||
| 008 | 041119s1982 sp a |||| | val d | ||
| 100 | 1 |
_aIvars Pérez, José. _965663 |
|
| 245 | 1 | 3 |
_aLa ciutat de Dénia _b: evolució i permanència del fet urbáa / _cJosé Ivars Pérez. |
| 260 |
_aAlacant : _bCaja de Ahorros Provincial de Alicante, _c1982. |
||
| 300 |
_a151 p. : _bil. ; _c22 cm. |
||
| 650 | 4 |
_aUrbanismo- _zDénia- _vHistoria. _9166317 |
|
| 852 |
_aES-MaACL _jL-2799 |
||
| 999 |
_c84040 _d84040 |
||